Cesta k biblickému usmíření /

Main Author: Sande, Ken
Other Authors: Kopová, Jana
Language: Czech
Published: Kroměříž : Didasko, [2018]
Edition: První vydání
Series: Zdroje pro změnu života
Subjects:
Physical Description: 23 stran ; 18 cm
Book
Saved in:
LEADER 02667nam a2200721 i 4500
001 nkc20193073656
003 CZ PrNK
005 20230831121333.0
007 ta
008 190130t20182018xr e f 000 0 cze
015 |a cnb003073656 
020 |a 978-80-87587-32-4  |q (brožováno) 
035 |a (OCoLC)1200248353 
040 |a OLA001  |b cze  |e rda 
041 1 |a cze  |h eng 
072 7 |a 316.4/.7  |x Sociální interakce. Sociální komunikace  |2 Konspekt  |9 18 
080 |a 316.485.6  |2 MRF 
080 |a 316.48  |2 MRF 
080 |a 27-185.36  |2 MRF 
080 |a 27-185.57  |2 MRF 
080 |a 27-1/-9  |2 MRF 
080 |a 2-474-256-277  |2 MRF 
080 |a 2-231  |2 MRF 
080 |a 27  |2 MRF 
080 |a (0.062)  |2 MRF 
100 1 |a Sande, Ken  |7 xx0018517  |4 aut 
240 1 0 |a Biblical peacemaking.  |l Česky 
245 1 0 |a Cesta k biblickému usmíření /  |c Ken Sande ; překlad: Jana Kopová 
246 1 |i Název v tiráži:  |a Cesta k biblickému smíření 
250 |a První vydání 
264 1 |a Kroměříž :  |b Didasko,  |c [2018] 
264 4 |c ©2018 
300 |a 23 stran ;  |c 18 cm 
336 |a text  |b txt  |2 rdacontent 
337 |a bez média  |b n  |2 rdamedia 
338 |a svazek  |b nc  |2 rdacarrier 
490 1 |a Zdroje pro změnu života 
500 |a Přeloženo z angličtiny 
500 |a Popsáno podle dotisku 2018, rok původního vydání neuveden 
504 |a Obsahuje bibliografické odkazy 
650 0 7 |a interpersonální konflikty  |7 ph121154  |x křesťanské pojetí  |2 czenas 
650 0 7 |a management konfliktů  |7 ph205090  |x křesťanské pojetí  |2 czenas 
650 0 7 |a odpuštění  |7 ph123699  |x křesťanské pojetí  |2 czenas 
650 0 7 |a smíření  |7 ph125729  |x křesťanské pojetí  |2 czenas 
650 0 7 |a křesťanské učení  |7 ph122129  |2 czenas 
650 0 7 |a biblická interpretace  |7 ph118847  |2 czenas 
650 0 7 |a biblické citáty  |7 ph118853  |2 czenas 
650 0 9 |a interpersonal conflicts  |x Christian approach  |2 eczenas 
650 0 9 |a conflict management  |x Christian approach  |2 eczenas 
650 0 9 |a forgiveness  |x Christian approach  |2 eczenas 
650 0 9 |a reconciliation  |x Christian approach  |2 eczenas 
650 0 9 |a Christian doctrine  |2 eczenas 
650 0 9 |a Biblical interpretation  |2 eczenas 
650 0 9 |a Biblical quotations  |2 eczenas 
655 7 |a populárně-naučné publikace  |7 fd131864  |2 czenas 
655 9 |a popular works  |2 eczenas 
700 1 |a Kopová, Jana  |7 jx20080707020  |4 trl 
830 0 |a Zdroje pro změnu života  |0 s 
910 2 |a BOA001  |b 1-1425.268 
990 |a BK 
995 |a 01 
991 |b 201903  |c NOV 
996 6 |b 2610774477  |c 1-1425.268  |l MZK  |r Sklad / do 1 hodiny  |n 1  |p p.v.  |w 001713444  |u 000010  |a 1  |e BOA001  |j MZK50  |s P